All New York City Subway Stations on a Map - Statistics

General Stats
  • This quiz has been taken 965 times
  • The average score is 160 of 450
Answers on the Map
Answers color-coded by a green-red scale on the quiz's map according to % correct below.
 
Answer Stats
Answer % Correct
Times Sq–42 St
77%
34 St–Penn Station
70%
42 St/Port Authority Bus Terminal
69%
5 Av/59 St
69%
Grand Av–Newtown
69%
Grand Central–42 St
69%
Grand St
69%
14 St–Union Sq
68%
34 St–Hudson Yards
67%
5 Av/53 St
66%
74 St–Broadway
66%
57 St–7 Av
65%
59 St–Columbus Circle
65%
34 St–Herald Sq
63%
4 Av–9 St
63%
Broad St
63%
Court Sq–23 St
63%
3 Av–149 St
62%
Wall St
62%
14 St
61%
3 Av–138 St
61%
Bʻway–Lafayette St
61%
Lexington Av/59 St
61%
Coney Island–Stillwell Av
60%
W 4 St–Washington Sq
60%
23 St
59%
47-50 Sts–Rockefeller Ctr
59%
5 Av
59%
7 Av
59%
Broadway
59%
Broadway Junction
59%
WTC Cortlandt
59%
116 St–Columbia University
58%
3 Av
58%
Brook Av
58%
42 St–Bryant Park
57%
59 St
57%
86 St
57%
Jackson Hts–Roosevelt Av
57%
Queens Plaza
57%
World Trade Center
57%
125 St
56%
72 St
56%
96 St
56%
1 Av
55%
28 St
55%
Cathedral Pkwy (110 St)
55%
Central Park North (110 St)
55%
Lexington Av/53 St
55%
103 St–Corona Plaza
54%
110 St
54%
2 Av
54%
81 St–Museum of Natural History
54%
Brooklyn Bridge–City Hall
54%
Canal St
54%
Flushing–Main St
54%
Harlem–148 St
54%
Jamaica–179 St
54%
Roosevelt Island
54%
Lexington Av/63 St
53%
161 St–Yankee Stadium
52%
33 St–Rawson St
52%
50 St
52%
66 St–Lincoln Center
52%
8 Av
52%
Clinton–Washington Avs
52%
Sutphin Blvd–Archer Av–JFK Airport
52%
103 St
51%
116 St
51%
33 St
51%
Howard Beach–JFK Airport
51%
18 St
50%
79 St
50%
8 St–NYU
50%
Flushing Av
50%
57 St
49%
68 St–Hunter College
49%
6 Av
49%
85 St–Forest Pkwy
49%
90 St–Elmhurst Av
48%
Astor Pl
48%
15 St–Prospect Park
47%
53 St
47%
77 St
47%
Atlantic Av–Barclays Ctr
47%
Canarsie–Rockaway Pkwy
47%
Central Av
47%
Eastern Pkwy–Brooklyn Museum
47%
145 St
46%
21 St–Queensbridge
46%
82 St–Jackson Hts
46%
Inwood–207 St
46%
135 St
45%
49 St
45%
9 Av
45%
Bay Ridge–95 St
45%
Smith-9 Sts
45%
51 St
44%
61 St–Woodside
44%
65 St
44%
Astoria–Ditmars Blvd
44%
City Hall
44%
Fulton St
44%
Vernon Blvd–Jackson Av
44%
21 St
43%
Bedford–Nostrand Avs
43%
Prospect Av
43%
Union St
43%
138 St–Grand Concourse
42%
149 St–Grand Concourse
42%
168 St
42%
36 St
42%
Atlantic Av
42%
Rockaway Av
42%
Rockaway Blvd
42%
137 St–City College
41%
155 St
41%
181 St
41%
69 St
41%
Far Rockaway–Mott Av
41%
111 St
40%
174-175 Sts
40%
52 St
40%
Astoria Blvd
40%
Bedford Av
40%
Jackson Av
40%
Whitehall St–South Ferry
40%
40 St–Lowery St
39%
Court St
39%
Court Sq
39%
Houston St
39%
163 St–Amsterdam Av
38%
46 St–Bliss St
38%
71 St
38%
75 St–Elders Ln
38%
Bay Pkwy
38%
Chambers St
38%
Franklin Av–Medgar Evers College
38%
Van Cortlandt–242 St
38%
175 St
37%
191 St
37%
207 St
37%
25 St
37%
80 St
37%
Brighton Beach
37%
Franklin Av
37%
Franklin St
37%
Jay St–MetroTech
37%
Marble Hill–225 St
37%
Mets–Willets Point
37%
South Ferry
37%
157 St
36%
45 St
36%
46 St
36%
Flatbush Av–Brooklyn College
36%
Kings Hwy
36%
Norwood–205 St
36%
190 St
35%
88 St
35%
Delancey St–Essex St
35%
Forest Av
35%
104 St
34%
167 St
34%
170 St
34%
55 St
34%
62 St
34%
Grand Army Plaza
34%
Middle Village–Metropolitan Av
34%
Queensboro Plaza
34%
Wakefield–241 St
34%
182-183 Sts
33%
215 St
33%
238 St
33%
Avenue N
33%
Church Av
33%
Crown Heights–Utica Av
33%
Forest Hills–71 Av
33%
Hoyt St
33%
Pelham Pkwy
33%
121 St
32%
169 St
32%
176 St
32%
225 St
32%
Christopher St–Stonewall
32%
Lafayette Av
32%
Spring St
32%
174 St
31%
231 St
31%
Fulton St
31%
183 St
30%
Bowling Green
30%
DeKalb Av
30%
Jamaica Center–Parsons/Archer
30%
Metropolitan Av
30%
Myrtle–Willoughby Avs
30%
Avenue U
29%
Myrtle Av
29%
Myrtle–Wyckoff Avs
29%
Ozone Pk–Lefferts Boulevard
29%
Prince St
29%
Utica Av
29%
York St
29%
Borough Hall
28%
Bowery
28%
Greenpoint Av
28%
Prospect Park
28%
Avenue X
27%
Bay Ridge Av
27%
Cortlandt St
27%
Dyckman St
27%
Fordham Rd
27%
High St
27%
Lorimer St
27%
Nostrand Av
27%
Rector St
27%
233 St
26%
Avenue M
26%
Avenue P
26%
Broad Channel
26%
Jefferson St
26%
Park Place
26%
219 St
25%
Avenue J
25%
Bleecker St
25%
Hoyt–Schermerhorn
25%
18 Av
24%
Avenue H
24%
Avenue I
24%
Bergen St
24%
Hunters Point Av
24%
20 Av
23%
30 Av
23%
36 Av
23%
Aqueduct Racetrack
23%
Clark St
23%
Marcy Av
23%
New Lots Av
23%
Sheepshead Bay
23%
Woodlawn
23%
39 Av
22%
Aqueduct–North Conduit Av
22%
Botanic Garden
22%
East Broadway
22%
Eastchester–Dyre Av
22%
Nassau Av
22%
Pelham Bay Park
22%
W 8 St–NY Aquarium
22%
Bushwick Av–Aberdeen St
21%
Elmhurst Av
21%
Euclid Av
21%
Nevins St
21%
Parkchester
21%
Sutphin Blvd
21%
25 Av
20%
63 Dr–Rego Park
20%
Carroll St
20%
Kew Gardens–Union Tpke
20%
Norwood Av
20%
Rockaway Park–Beach 116 St
20%
Steinway St
20%
67 Av
19%
Bedford Pk Blvd–Lehman College
19%
Fort Hamilton Pkwy
19%
Grant Av
19%
Newkirk Av–Little Haiti
19%
Ocean Pkwy
19%
Parsons Blvd
19%
75 Av
18%
Bedford Park Blvd
18%
Junction Blvd
18%
Kingston–Throop Avs
18%
Newkirk Plaza
18%
President St–Medgar Evers College
18%
Woodhaven Blvd
18%
Beverly Rd
17%
Cypress Av
17%
Westchester Sq–East Tremont Av
17%
Gun Hill Rd
17%
Hunts Point Av
17%
Kingston Av
17%
Liberty Av
17%
Livonia Av
17%
Tremont Av
17%
Beach 105 St
16%
Beach 36 St
16%
Beach 60 St
16%
Classon Av
16%
Graham St
16%
Halsey St
16%
Jamaica Van Wyck
16%
Montrose Av
16%
Northern Blvd
16%
Beach 25 St
15%
Beach 44 St
15%
Beach 67 St
15%
Beach 90 St
15%
Beach 98 St
15%
Briarwood
15%
Cortelyou Rd
15%
Ditmas Av
15%
Hewes St
15%
Junius St
15%
Kingsbridge Rd
15%
Knickerbocker Av
15%
Morgan Av
15%
Neptune Av
15%
Pennsylvania Av
15%
Van Siclen
15%
Van Siclen Av
15%
Alabama Av
14%
E 180 St
14%
Kings Hwy
14%
Kosciuszko St
14%
Mosholu Pkwy
14%
Nereid Av
14%
Parkside Av
14%
Ralph Av
14%
West Farms Sq–E Tremont Av
14%
Wilson Av
14%
Bay 50 St
13%
Fresh Pond Rd
13%
New Utrecht Av
13%
Seneca Av
13%
Simpson St
13%
Sutter Av–Rutland Rd
13%
Zerega Av
13%
Baychester Av
12%
Bronx Park East
12%
Elder Av
12%
Neck Rd
12%
Sterling St
12%
Sutter Av
12%
Winthrop St
12%
Allerton Av
11%
Burnside Av
11%
Castle Hill Av
11%
Cypress Hills
11%
East 105 St
11%
Gates Av
11%
Intervale Av
11%
Morrison Av–Soundview
11%
Morris Park
11%
Mt Eden Av
11%
Buhre Av
10%
Burke Av
10%
Chauncey St
10%
Cleveland St
10%
Crescent St
10%
Middletown Rd
10%
Saratoga Av
10%
Shepherd Av
10%
E 149 St
9%
Freeman St
9%
Longwood Av
9%
Whitlock Av
9%
E 143 St–Mary's St
8%
St Lawrence Av
8%
No matching quizzes found
Score Distribution
Percent of People with Each Score
Percentile by Number Answered
Your Score History
You have not taken this quiz